[Event "IECC M email"]
[Site "IECC email"]
[Date "2000.06.04"]
[Round "?"]
[White "Governatori, Guido"]
[Black "Flores, Pablo"]
[Result "1-0"]
[WhiteElo "1536"]
[BlackElo "1478"]
[PlyCount "49"]
[EventDate "2000.??.??"]
[EventType "tourn (corr)"]
[EventRounds "2"]
[SourceTitle "Corr 2008"]
[Source "ChessBase"]
[SourceDate "2008.06.24"]
[SourceVersion "1"]
[SourceVersionDate "2008.06.24"]
[SourceQuality "1"]

1. d4 f5 2. g3 Nf6 3. Bg2 c6 4. Nf3 d6 5. 0-0 Qc7 6. c4 e5 7. Nc3 Be7 8. Qb3 h6 9. Rd1 e4 10. Nh4 g5 11. Ng6 Rh7 12. Nxe7 Qxe7 13. d5 c5 14. Qb5+ Kf7 15. a3 b6 16. Qa4 Nbd7 17. Qc6 Rb8 18. Nb5 Ne8 19. Nxa7 Ne5 20. Nxc8 Nxc6 21. Nxe7 Nxe7 22. b4 Nf6 23. Rb1 Ng6 24. bxc5 dxc5 25. Bh3 1-0

[Event "IECC M email"]
[Site "IECC email"]
[Date "2000.03.26"]
[Round "?"]
[White "Robbiani, Simone"]
[Black "Governatori, Guido"]
[Result "0-1"]
[WhiteElo "1569"]
[BlackElo "1500"]
[PlyCount "36"]
[EventDate "2000.??.??"]
[EventType "tourn (corr)"]
[EventRounds "2"]
[SourceTitle "Corr 2008"]
[Source "ChessBase"]
[SourceDate "2008.06.24"]
[SourceVersion "1"]
[SourceVersionDate "2008.06.24"]
[SourceQuality "1"]

1. d4 Nf6 2. e3 c5 3. Bd3 d5 4. Nd2 c4 5. Be2 Nc6 6. c3 b5 7. a3 Bf5 8. b4 a5 9. Bb2 e6 10. Ngf3 Bd6 11. 0-0 0-0 12. Nh4 Be4 13. f3 Ng4 14. fxg4 Qxh4 15. Nf3 Bxf3 16. Bxf3 Bxh2+ 17. Kh1 Bg3+ 18. Kg1 Qh2# 0-1